MLB 2025 Gold Glovers - Statistics

General Stats
  • This quiz has been taken 35 times
  • The average score is 7 of 20
Answer Stats
Position Player % Correct
SS Bobby Witt Jr.
72%
P Max Fried
64%
RF Fernando Tatís Jr.
56%
CF Pete Crow-Armstrong
56%
CF Ceddanne Rafaela
44%
C Dillon Dingler
44%
P Logan Webb
40%
C Patrick Bailey
40%
1B Matt Olson
36%
1B Ty France
36%
RF Wilyer Abreu
36%
LF Steven Kwan
32%
3B Ke'Bryan Hayes
28%
2B Marcus Semien
28%
UT Mauricio Dubón
28%
LF Ian Happ
24%
3B Maikel Garcia
20%
UT Javier Sanoja
16%
SS Masyn Winn
16%
2B Nico Hoerner
12%
No matching quizzes found
Score Distribution
Percent of People with Each Score
Percentile by Number Answered
Your Score History
You have not taken this quiz